Ley No. 80-99 : (Registro nro. 48485)
[ vista simple ]
| 000 -CABECERA | |
|---|---|
| campo de control de longitud fija | 00684nam a2200169 a 4500 |
| 001 - NÚMERO DE CONTROL | |
| campo de control | 000048997 |
| 005 - FECHA Y HORA DE LA ÚLTIMA TRANSACCIÓN | |
| campo de control | 20201002061556.0 |
| 008 - DATOS DE LONGITUD FIJA--INFORMACIÓN GENERAL | |
| campo de control de longitud fija | 190712s1999 dr r 000 0 spa d |
| 040 ## - FUENTE DE LA CATALOGACIÓN | |
| Centro catalogador/agencia de origen | DO-SdBNP |
| Lengua de catalogación | spa |
| Centro/agencia transcriptor | BNPHU |
| 082 ## - NÚMERO DE LA CLASIFICACIÓN DECIMAL DEWEY | |
| Número de clasificación | xxxx |
| Número de documento/Ítem | R426l |
| 110 2# - ENTRADA PRINCIPAL--NOMBRE DE ENTIDAD CORPORATIVA | |
| Nombre de entidad corporativa o nombre de jurisdicción como elemento de entrada | República Dominicana |
| 9 (RLIN) | 447 |
| 240 10 - TÍTULO UNIFORME | |
| Título uniforme | Leyes, etc. |
| 245 10 - MENCIÓN DE TÍTULO | |
| Título | Ley No. 80-99 : |
| Resto del título | Ley mediante el cual se dispone el incremento de los sueldos de los médicos, enfermeras, farmacéuticas y profesionales del laboratorio clínico que laboran tanto en la SESPAS como en el IDSS y procedimiento para la aplicación de la ley. |
| 260 ## - PUBLICACIÓN, DISTRIBUCIÓN, ETC. | |
| Lugar de publicación, distribución, etc. | Santo Domingo : |
| Nombre del editor, distribuidor, etc. | Dalis, |
| Fecha de publicación, distribución, etc. | 1999. |
| 300 ## - DESCRIPCIÓN FÍSICA | |
| Extensión | 12 p ; |
| Dimensiones | 21 cm. |
| 590 ## - NOTA LOCAL (RLIN) | |
| Nota local | Inventariado, 2019/BT |
| Estado de retiro | Estado de pérdida | No para préstamo | Código de colección | Localización permanente | Ubicación/localización actual | Ubicación en estantería | Fecha de adquisición | Número de inventario | Total de préstamos | Signatura topográfica completa | Código de barras | Fecha visto por última vez | Precio válido a partir de | Tipo de ítem Koha | Nota pública | Número de copia |
|---|---|---|---|---|---|---|---|---|---|---|---|---|---|---|---|---|
| Excluido de préstamo | Patrimonio Dominicano | Patrimonio Dominicano | Patrimonio Dominicano | Depósito | 12.07.2019 | LF1 | xxxx R426l | 48998-10 | 25.06.2020 | 25.06.2020 | Libro y Folleto Colección Patrimonio Dominicano | Perteneció a la biblioteca personal de la familia Reyes Duluc. | ||||
| Préstamo restrigido | Patrimonio Dominicano | Patrimonio Dominicano | Patrimonio Dominicano | Orden iniciada | 12.07.2019 | LF1 | xxxx R426l | 48998-20 | 25.06.2020 | 25.06.2020 | Libro y Folleto Colección Patrimonio Dominicano | Perteneció a la biblioteca personal de la familia Reyes Duluc. | e.2 |
